banner-ar

المعونة الاجنبية لدعم الديموقراطية هل هى تمويل لنشر الفضيلة ؟ / (Record no. 9256)

MARC details
000 -الفاتح
حقل البيانات ثابتة الطول 00830nam a2200229Ia 4500
008 - عناصر البيانات ثابتة الطول - معلومات عامة
حقل البيانات ثابتة الطول 140319s9999 xx 000 0 ara d
020 ## - الرقم الدولى المعيارى للكتب
الرقم الدولى المعيارى للكتاب 0126320977
040 ## - مصدر الفهرسة
وكالة الفهرسة الأصلية GCL /
وكالة النسخ GCL
082 04 - رقم تصنيف ديوى العشرى
رقم التصنيف 353.13273
رقم المادة أ م
100 1# - المدخل الرئيسى - إسم شخصى
الإسم الشخصى اوتاوى، مارينا
245 10 - بيان العنوان
العنوان المعونة الاجنبية لدعم الديموقراطية هل هى تمويل لنشر الفضيلة ؟ /
بيان المسئوليه,etc اوتاوى، مارينا
700 1# - المدخل الاضافى - اسم شخصى
الإسم الشخصى كاروذرز، توماس
700 1# - المدخل الاضافى - اسم شخصى
الإسم الشخصى محمود بكر
250 ## - بيان الطبعة
بيان الطبعة الاولى
260 ## - PUBLICATION, DISTRIBUTION, ETC. (IMPRINT)
تاريخ النشر أو التوزيع 2006
300 ## - الوصف المادى
التعداد 338 ص ؛
أبعاد الوعاء 24 سم
650 04 - المدخل الاضافى بالموضوع-مصطلح موضوعى
مصطلح موضوعي القروض الاجنبية
650 04 - المدخل الاضافى بالموضوع-مصطلح موضوعى
مصطلح موضوعي المعونة الاقتصادية
650 04 - المدخل الاضافى بالموضوع-مصطلح موضوعى
مصطلح موضوعي المساعدات الاجنبية
942 ## - عناصر المدخل الإضافي( كوها)
مصدر التصنيف او مخطط الترفيف Dewey Decimal Classification
Koha [default] item type كتاب
260 ## - PUBLICATION, DISTRIBUTION, ETC. (IMPRINT)
-- القاهرة :
-- مركز الاهرام للترجمة والنشر ،
Holdings
حالة التراجع حالة الفقد حالة تلف ليس للاعارة المكان المؤقت الموقع الحالى تاريخ الاكتساب اجمالي اﻻعارات رقم الطلب الباركود تاريخ اخر مشاهدة تاريخ تفعيل السعر نوع وعاء كوها
        مكتبة القاهرة الكبرى مكتبة القاهرة الكبرى 03/26/2014   353.13273\أ م 19338 03/26/2014 03/26/2014 كتاب
        مكتبة القاهرة الكبرى مكتبة القاهرة الكبرى 03/26/2014   353.13273\أ م 19339 03/26/2014 03/26/2014 كتاب
        مكتبة القاهرة الكبرى مكتبة القاهرة الكبرى 03/26/2014   353.13273\أ م 19340 03/26/2014 03/26/2014 كتاب

Powered By

EGPV